Vista normal
Vista MARC
Entrada Personal Name
Número de registros utilizados en: 1
001 - CONTROL NUMBER
- control field: 11963
003 - CONTROL NUMBER IDENTIFIER
- control field: OSt
005 - DATE AND TIME OF LATEST TRANSACTION
- control field: 20201026150355.0
008 - FIXED-LENGTH DATA ELEMENTS
- fixed length control field: 201026|| aca||aabn | a|a d
040 ## - CATALOGING SOURCE
- Original cataloging agency: OSt
- Transcribing agency: OSt
100 ## - HEADING--PERSONAL NAME
- Personal name: Simón, Bolívar,
- Dates associated with a name: 1783-1830
670 ## - SOURCE DATA FOUND
- Source citation: Work cat.: (OSt): Simón, Bolívar, 1783-1830 autor, Simón Bolívar: , [1984.]